01232nab a22002057a 4500003000400000005001700004008004100021040000700062100002600069245021300095260007300308300001300381500003500394505031000429505008100739650001800820650000900838650002800847773015100875OSt20260204094744.0190429b xxu||||| |||| 00| 0 spa d cPJ aValotta, Agustín M.13aLa fundamentación de la pena y los casos de las personas vinculadas al proceso penal de manera primaria u ocasional. La solución recomendada por la dogmática y la jurisprudencia /cAgustín M. Valotta. cCiudad Autónoma de Buenos Aires :aThomson Reuters La Ley, b2024. ap. 87-94 aCita Online: AR/DOC/2396/2024. aSumario: I. Presentación.— II. Introducción: la significación e importancia que merece la fundamentación de la pena.— III. Las razones suficientes que se sostienen a partir de los antecedentes de justificación necesaria.— IV. Consideraciones finales.— V. Fuentes de la investigación.  tSi te interesa el texto completo, solicitalo a koha@justierradelfuego.gov.ar 0aDERECHO PENAL 0aPENA 0aCUMPLIMIENTO DE LA PENA0 02658tRevista de derecho penal y criminología. Nº 1 - Febrero 2024dCiudad Autónoma de Buenos Aires : Thomson Reuters La Ley, 2017-x00347914